Benzín predávajú, na inom zarábajú

Návratnosť investícií na výstavbu čerpacej stanice je na Slovensku dvojnásobne dlhšia ako v západnej Európe. OMV ako prvá zahraničná spoločnosť pôsobiaca na slovenskom trhu s benzínom. Trend výstavby a počty čerpacích staníc na Slovensku a vo vybraných európskych krajinách. Najväčšie spoločnosti pod...

Ausführliche Beschreibung

Gespeichert in:
Bibliographische Detailangaben
1. Verfasser: Andrejčák, Tomáš
Format: Buchkapitel
Sprache:Slowakisch
Schlagworte:
Tags: Tag hinzufügen
Keine Tags, Fügen Sie das erste Tag hinzu!

MARC

LEADER 00000naa a2200000 4500
001 r033036
005 20230919122838.0
041 0 |a slo 
044 |a SK 
245 1 0 |a Benzín predávajú, na inom zarábajú  |c Tomáš Andrejčák 
520 |a Návratnosť investícií na výstavbu čerpacej stanice je na Slovensku dvojnásobne dlhšia ako v západnej Európe. OMV ako prvá zahraničná spoločnosť pôsobiaca na slovenskom trhu s benzínom. Trend výstavby a počty čerpacích staníc na Slovensku a vo vybraných európskych krajinách. Najväčšie spoločnosti podľa počtu čerpacích staníc. Cenový vývoj najžiadanejších pohonných hmôt na Slovensku a v európskych krajinách. 
610 2 0 |a hmoty pohonné 
610 2 0 |a benzín 
610 2 0 |a stanice čerpacie 
610 2 0 |a investície 
610 2 0 |a návratnosť investícií 
610 2 0 |a firmy 
610 2 0 |a Slovensko 
610 2 0 |a Európa 
100 1 |a Andrejčák, Tomáš